[Event "Belgrade-chT2 Quality"]
[Site "Belgrade"]
[Date "2022.11.12"]
[Round "10.6"]
[White "Ostojic, Slobodan"]
[Black "Stefanovic, Bosko"]
[Result "1/2-1/2"]
[WhiteElo "1881"]
[BlackElo "1587"]
[PlyCount "77"]
[EventDate "2022.10.15"]
[EventType "team-tourn"]
[EventRounds "13"]
[EventCountry "SRB"]
[SourceTitle "EXT 2024"]
[Source "ChessBase"]
[SourceDate "2023.10.10"]
[SourceVersion "1"]
[SourceVersionDate "2023.10.10"]
[SourceQuality "1"]
[WhiteTeam "Belgrade Vodovod"]
[BlackTeam "Belgrade Bogoslov"]
[WhiteTeamCountry "SRB"]
[BlackTeamCountry "SRB"]

1. c4 Nf6 2. d4 c5 3. d5 e6 4. dxe6 fxe6 5. Nc3 d5 6. Bg5 d4 7. Bxf6 gxf6 8. Ne4 Qa5+ 9. Qd2 Qxd2+ 10. Nxd2 Nc6 11. a3 e5 12. g3 Be6 13. Bg2 Bh6 14. b3 f5 15. Nh3 Ke7 16. f4 e4 17. 0-0-0 a5 18. a4 Rhg8 19. Nb1 Nb4 20. Kb2 Bg7 21. Kc1 Bf6 22. Ng5 Bxg5 23. fxg5 Rxg5 24. Rhf1 h5 25. Rf4 Rg4 26. Rdf1 Rag8 27. Bh3 Rxf4 28. Rxf4 Kf6 29. Nd2 Na2+ 30. Kd1 Nc3+ 31. Ke1 Rh8 32. Bg2 Ke5 33. Rh4 Bf7 34. Bh3 Be6 35. Rf4 h4 36. Rxh4 Rxh4 37. gxh4 Bf7 38. Nf1 f4 39. Bg4 1/2-1/2

[Event "Belgrade-chT Quality"]
[Site "Belgrade"]
[Date "2021.10.17"]
[Round "2.8"]
[White "Simic, Ljubomir"]
[Black "Ostojic, Slobodan"]
[Result "1/2-1/2"]
[WhiteElo "1645"]
[BlackElo "1893"]
[PlyCount "20"]
[EventDate "2021.10.16"]
[EventType "team-tourn"]
[EventRounds "11"]
[EventCountry "SRB"]
[SourceTitle "EXT 2023"]
[Source "ChessBase"]
[SourceDate "2022.10.05"]
[SourceVersion "1"]
[SourceVersionDate "2022.10.05"]
[SourceQuality "1"]
[WhiteTeam "Belgrade Cirilo i Metodije"]
[BlackTeam "Belgrade Vodovod"]
[WhiteTeamCountry "SRB"]
[BlackTeamCountry "SRB"]

1. d4 Nf6 2. c3 g6 3. g3 Bg7 4. Bg2 d5 5. Qb3 c6 6. Nf3 0-0 7. 0-0 Nbd7 8. Re1 Re8 9. Nbd2 Qb6 10. Qxb6 axb6 1/2-1/2

[Event "Belgrade-chT"]
[Site "Belgrade"]
[Date "2011.10.12"]
[Round "11.6"]
[White "Ostojic, Slobodan"]
[Black "Milosevic, Dragan"]
[Result "1/2-1/2"]
[WhiteElo "1893"]
[BlackElo "1899"]
[PlyCount "21"]
[EventDate "2011.10.01"]
[EventType "team-tourn"]
[EventRounds "11"]
[EventCountry "SRB"]
[SourceTitle "CBM 144 Extra"]
[Source "ChessBase"]
[SourceDate "2011.10.28"]
[SourceVersion "1"]
[SourceVersionDate "2011.10.28"]
[SourceQuality "1"]
[WhiteTeam "Belgrade Vodovod"]
[BlackTeam "Romanticari"]
[WhiteTeamCountry "YUG"]
[BlackTeamCountry "YUG"]

1. c4 e6 2. Nc3 Nf6 3. g3 d5 4. cxd5 exd5 5. d4 c6 6. Bg2 Be7 7. Nf3 0-0 8. 0-0 Bg4 9. h3 Bxf3 10. Bxf3 Nbd7 11. Bf4 1/2-1/2

[Event "Belgrade Trophy 23rd"]
[Site "Obrenovac"]
[Date "2010.12.01"]
[Round "8"]
[White "Devedzic, Stojan"]
[Black "Ostojic, Slobodan"]
[Result "0-1"]
[WhiteElo "1691"]
[BlackElo "1908"]
[PlyCount "54"]
[EventDate "2010.11.24"]
[EventType "swiss"]
[EventRounds "9"]
[EventCountry "YUG"]
[SourceTitle "CBM 139 Extra"]
[Source "ChessBase"]
[SourceDate "2011.01.05"]
[SourceVersion "1"]
[SourceVersionDate "2011.01.05"]
[SourceQuality "1"]

1. d4 Nf6 2. e3 g6 3. Nf3 Bg7 4. Be2 0-0 5. 0-0 d5 6. c3 c6 7. Nbd2 Nbd7 8. Qc2 Re8 9. e4 e5 10. Bd3 exd4 11. Nxd4 Ne5 12. exd5 Nxd5 13. Be4 Nf6 14. Bf3 c5 15. Nb5 a6 16. Na3 Nd3 17. Ndc4 Nxc1 18. Qxc1 Qc7 19. Rd1 Bg4 20. Bxg4 Nxg4 21. g3 b5 22. Nd2 Re2 23. Rf1 Rd8 24. Nf3 Bh6 25. Qb1 Qc6 26. Nh4 Rdd2 27. Rd1 Nxf2 0-1

[Event "Belgrade Trophy 23rd"]
[Site "Obrenovac"]
[Date "2010.11.26"]
[Round "3"]
[White "Ostojic, Slobodan"]
[Black "Mrdak, Milomir"]
[Result "0-1"]
[WhiteElo "1908"]
[BlackElo "2061"]
[PlyCount "104"]
[EventDate "2010.11.24"]
[EventType "swiss"]
[EventRounds "9"]
[EventCountry "YUG"]
[SourceTitle "CBM 139 Extra"]
[Source "ChessBase"]
[SourceDate "2011.01.05"]
[SourceVersion "1"]
[SourceVersionDate "2011.01.05"]
[SourceQuality "1"]

1. c4 Nf6 2. Nc3 g6 3. e4 d6 4. d4 Bg7 5. h3 0-0 6. Be3 Nc6 7. Nf3 Nd7 8. Qd2 e5 9. d5 Ne7 10. g4 Nf6 11. Be2 a6 12. Rg1 Bd7 13. Nh2 b5 14. g5 b4 15. gxf6 bxc3 16. Qxc3 Bxf6 17. Bh6 Bg7 18. Bxg7 Kxg7 19. f4 f6 20. f5 Kh8 21. Qg3 Rg8 22. Qh4 Qf8 23. fxg6 Nxg6 24. Qf2 Nf4 25. Rxg8+ Qxg8 26. Kd2 Qg5 27. Nf3 Nxh3+ 28. Qe3 Qxe3+ 29. Kxe3 Rg8 30. Rh1 Rg3 31. Kd2 f5 32. exf5 Bxf5 33. Nh4 Be4 34. Rf1 Nf4 35. Rf2 a5 36. Nf3 Nxe2 37. Kxe2 Bxf3+ 38. Rxf3 Rxf3 39. Kxf3 Kg7 40. b3 Kf7 41. Kg4 Ke7 42. a3 Kd7 43. b4 axb4 44. axb4 Kc8 45. c5 Kb7 46. Kf5 h5 47. Kg5 Ka6 48. Kxh5 Kb5 49. cxd6 cxd6 50. Kg5 Kxb4 51. Kf5 Kc5 52. Ke4 Kc4 0-1

[Event "Belgrade Spring op"]
[Site "Belgrade"]
[Date "2010.03.30"]
[Round "7"]
[White "Ruzicic, Momcilo"]
[Black "Ostojic, Slobodan"]
[Result "1/2-1/2"]
[WhiteElo "1718"]
[BlackElo "1921"]
[PlyCount "65"]
[EventDate "2010.03.23"]
[EventType "swiss"]
[EventRounds "9"]
[EventCountry "YUG"]
[SourceTitle "CBM 135 Extra"]
[Source "ChessBase"]
[SourceDate "2010.05.04"]
[SourceVersion "1"]
[SourceVersionDate "2010.05.04"]
[SourceQuality "1"]

1. d4 Nf6 2. Nf3 g6 3. c4 Bg7 4. Nc3 0-0 5. e4 d6 6. h3 Nbd7 7. Be3 b6 8. Be2 a5 9. a4 Bb7 10. 0-0 Nxe4 11. Nxe4 Bxe4 12. Ng5 Bb7 13. f4 h6 14. Nf3 Nf6 15. Bd3 Ne4 16. Qc2 f5 17. d5 Nc5 18. Be2 Bc8 19. h4 Ne4 20. Kh2 e5 21. dxe6 Bxe6 22. Rad1 Qe7 23. b3 Nf6 24. Bc1 Rfe8 25. Rfe1 Qd8 26. g3 Ng4+ 27. Kg1 Bd7 28. Nd4 Ne3 29. Bxe3 Rxe3 30. c5 Rxg3+ 31. Kf2 Qxh4 32. Nf3 Qxf4 33. Qc4+ 1/2-1/2

[Event "Belgrade Spring op"]
[Site "Belgrade"]
[Date "2010.03.23"]
[Round "1"]
[White "Ostojic, Slobodan"]
[Black "Maksimovic, Miroslav"]
[Result "0-1"]
[WhiteElo "1921"]
[BlackElo "2265"]
[PlyCount "66"]
[EventDate "2010.03.23"]
[EventType "swiss"]
[EventRounds "9"]
[EventCountry "YUG"]
[SourceTitle "CBM 135 Extra"]
[Source "ChessBase"]
[SourceDate "2010.05.04"]
[SourceVersion "1"]
[SourceVersionDate "2010.05.04"]
[SourceQuality "1"]

1. c4 e5 2. Nc3 Nc6 3. g3 g6 4. Bg2 Bg7 5. d3 Nge7 6. e4 d6 7. Nge2 0-0 8. 0-0 Be6 9. Nd5 f5 10. Bg5 h6 11. Bd2 Qd7 12. b4 Kh7 13. Rb1 fxe4 14. dxe4 Bg4 15. f3 Be6 16. Be3 b6 17. a4 Rf7 18. b5 Na5 19. Rc1 c6 20. Bxb6 cxd5 21. Bxa5 dxc4 22. Bb4 d5 23. Bxe7 Qxe7 24. exd5 Qc5+ 25. Kh1 Bxd5 26. Nc3 Bb7 27. Qe2 Raf8 28. Ne4 Bxe4 29. Rxc4 Bxf3 30. Rxf3 Qe7 31. Rxf7 Rxf7 32. Rc6 Qb4 33. Qe4 Rf1+ 0-1

[Event "Belgrade-ch"]
[Site "Belgrade"]
[Date "2010.01.29"]
[Round "7"]
[White "Jovanovic, Nebojsa M"]
[Black "Ostojic, Slobodan"]
[Result "0-1"]
[WhiteElo "1794"]
[BlackElo "1913"]
[PlyCount "118"]
[EventDate "2010.01.23"]
[EventType "swiss"]
[EventRounds "9"]
[EventCountry "YUG"]
[SourceTitle "CBM 134 Extra"]
[Source "ChessBase"]
[SourceDate "2010.03.03"]
[SourceVersion "1"]
[SourceVersionDate "2010.03.03"]
[SourceQuality "1"]

1. d4 Nf6 2. c4 g6 3. g3 Bg7 4. Bg2 0-0 5. Nc3 c6 6. e4 d6 7. Nge2 e5 8. 0-0 Na6 9. Be3 Ng4 10. Bc1 Qb6 11. h3 Nf6 12. d5 Rd8 13. Kh2 Nc5 14. b3 Qc7 15. b4 Ncd7 16. Be3 c5 17. Nb5 Qb8 18. Qd2 a6 19. Na3 b6 20. Nc2 Qc7 21. Rac1 h5 22. f4 exf4 23. Bxf4 Re8 24. bxc5 bxc5 25. Nc3 Ne5 26. Qe2 Bd7 27. Rb1 Rab8 28. Ne3 Nh7 29. Rxb8 Rxb8 30. Ned1 Rb4 31. a3 Rb3 32. Qa2 Qb8 33. Nb5 Rxb5 34. cxb5 Bxb5 35. Rf2 Nd3 36. Rf3 g5 37. Bd2 Qe8 38. Nf2 Ne5 39. Re3 Nc4 40. Re1 Nxd2 41. Qxd2 Be5 42. Nh1 h4 43. Qe3 Kg7 44. Bf1 Bd4 45. Qf3 Qe5 46. Bxb5 axb5 47. Kg2 Nf6 48. gxh4 Nxd5 49. hxg5 Qxg5+ 50. Ng3 Nc3 51. h4 Qd2+ 52. Re2 Nxe2 53. Nxe2 Qe3 54. Qg4+ Kf8 55. Qc8+ Kg7 56. Ng3 Qf2+ 57. Kh3 Be5 58. Nf5+ Kh7 59. Qb7 Qf3+ 0-1

[Event "Belgrade op"]
[Site "Belgrade"]
[Date "2009.12.02"]
[Round "9"]
[White "Ostojic, Slobodan"]
[Black "Illijin, Neboisa"]
[Result "0-1"]
[WhiteElo "1919"]
[BlackElo "2246"]
[PlyCount "120"]
[EventDate "2009.11.24"]
[EventType "swiss"]
[EventRounds "9"]
[EventCountry "YUG"]
[SourceTitle "CBM 133 Extra"]
[Source "ChessBase"]
[SourceDate "2010.01.05"]
[SourceVersion "1"]
[SourceVersionDate "2010.01.05"]
[SourceQuality "1"]

1. c4 e6 2. Nc3 c5 3. e4 Nc6 4. g3 Nf6 5. Bg2 d6 6. d3 Be7 7. Nge2 0-0 8. 0-0 a6 9. h3 Bd7 10. Be3 Qc7 11. Rb1 Rfb8 12. a4 Rd8 13. b3 Nb4 14. Nf4 Bc6 15. Rc1 b6 16. h4 d5 17. cxd5 exd5 18. Ncxd5 Nbxd5 19. exd5 Nxd5 20. Nxd5 Bxd5 21. Bxd5 Rxd5 22. Qf3 Qd7 23. d4 cxd4 24. Bxd4 b5 25. Rfe1 Re8 26. Bb2 Rd6 27. axb5 axb5 28. Ra1 Re6 29. Rad1 Bd6 30. Rxe6 Qxe6 31. Qd5 Qe2 32. Qxd6 Qxb2 33. Qd7 Qe2 34. Rd2 Qe1+ 35. Kg2 Qe4+ 36. Kg1 b4 37. Rd1 h6 38. Qd4 Qe2 39. Qd3 Qg4 40. Kg2 Rc8 41. Qd4 Qe2 42. Rd2 Qe7 43. Rd3 Qb7+ 44. Kh2 Rc1 45. Rd1 Rc3 46. Rd3 Qc6 47. Kg1 Kh7 48. Kf1 Rc2 49. Rd2 Rc1+ 50. Rd1 Qb5+ 51. Ke1 Rc3 52. Qe4+ f5 53. Qe6 Rc5 54. f4 Qb7 55. Qe2 Rc3 56. g4 Qh1+ 57. Kd2 Qxh4 58. Rg1 Qd8+ 59. Ke1 Rc1+ 60. Kf2 Qd4+ 0-1

[Event "Belgrade op"]
[Site "Belgrade"]
[Date "2009.11.25"]
[Round "2"]
[White "Cvetkovic, Vidoje"]
[Black "Ostojic, Slobodan"]
[Result "1-0"]
[WhiteElo "2089"]
[BlackElo "1919"]
[PlyCount "107"]
[EventDate "2009.11.24"]
[EventType "swiss"]
[EventRounds "9"]
[EventCountry "YUG"]
[SourceTitle "CBM 133 Extra"]
[Source "ChessBase"]
[SourceDate "2010.01.05"]
[SourceVersion "1"]
[SourceVersionDate "2010.01.05"]
[SourceQuality "1"]

1. e4 e6 2. d4 d5 3. Nc3 Bb4 4. e5 c5 5. a3 Ba5 6. b4 cxd4 7. Nb5 Bc7 8. f4 Nc6 9. Bb2 Nge7 10. Bd3 a6 11. Nxc7+ Qxc7 12. Nf3 Bd7 13. 0-0 g6 14. Qe1 Qd8 15. Nxd4 Qb6 16. Qf2 Nf5 17. Bxf5 gxf5 18. Kh1 h5 19. Nxf5 Qxf2 20. Nd6+ Ke7 21. Rxf2 b5 22. c3 Rag8 23. a4 bxa4 24. Ba3 Rh7 25. b5 axb5 26. Ne4+ Kd8 27. Nf6 Rhg7 28. Nxg8 Rxg8 29. Rf3 Rg4 30. h3 Rg6 31. Rg1 Na5 32. g4 hxg4 33. Rxg4 Rxg4 34. hxg4 Nc4 35. Bb4 d4 36. Kh2 dxc3 37. Rxc3 Kc7 38. Kg3 Bc6 39. Kh4 Nb6 40. Bd6+ Kd7 41. Rd3 Nd5 42. Kg5 Ke8 43. Rd4 Kd7 44. f5 exf5 45. gxf5 f6+ 46. Kg6 fxe5 47. Bxe5 b4 48. Rh4 Ne7+ 49. Kg5 b3 50. f6 Nd5 51. Rh7+ Ke6 52. f7 Kxe5 53. f8Q Kd4 54. Rh4+ 1-0

[Event "Senta op-B 13th"]
[Site "Senta"]
[Date "2009.07.22"]
[Round "6"]
[White "Trajkovic, Velibor"]
[Black "Ostojic, Slobodan"]
[Result "1-0"]
[WhiteElo "1996"]
[BlackElo "1919"]
[PlyCount "79"]
[EventDate "2009.07.18"]
[EventType "swiss"]
[EventRounds "9"]
[EventCountry "YUG"]
[SourceTitle "EXT 2012"]
[Source "ChessBase"]
[SourceDate "2011.11.24"]
[SourceVersion "1"]
[SourceVersionDate "2011.11.24"]
[SourceQuality "1"]

1. e4 e6 2. Nf3 d5 3. e5 c5 4. c3 Nc6 5. Bb5 Bd7 6. a4 a6 7. Bxc6 Bxc6 8. d4 Qb6 9. dxc5 Bxc5 10. 0-0 Nh6 11. b4 Be7 12. Bxh6 gxh6 13. Nd4 Rg8 14. Qd3 Rg7 15. Nd2 Rc8 16. N2f3 Bd7 17. Rfc1 Rc4 18. a5 Qd8 19. g3 h5 20. Nd2 Rc8 21. b5 axb5 22. Nxb5 h4 23. Rcb1 hxg3 24. hxg3 Rc5 25. Nf3 Kf8 26. Nbd4 Qc8 27. Rb3 f5 28. a6 bxa6 29. Rxa6 Rc4 30. Rab6 Kf7 31. Nd2 Ra4 32. Qf3 Rg4 33. Nf1 Ra1 34. Kg2 Qc4 35. Nd2 Qa4 36. Rb7 Ra2 37. Nf1 Qc4 38. Ne3 Rxg3+ 39. Qxg3 Qc8 40. Rb8 1-0

[Event "Kragujevac op"]
[Site "Kragujevac"]
[Date "2009.04.11"]
[Round "1"]
[White "Ostojic, Slobodan"]
[Black "Lazic, Dragoljub"]
[Result "0-1"]
[WhiteElo "1943"]
[BlackElo "2327"]
[PlyCount "72"]
[EventDate "2009.04.11"]
[EventType "swiss"]
[EventRounds "9"]
[EventCountry "YUG"]
[SourceTitle "EXT 2010"]
[Source "ChessBase"]
[SourceDate "2010.11.25"]
[SourceVersion "1"]
[SourceVersionDate "2010.11.25"]
[SourceQuality "1"]

1. c4 Nf6 2. d4 g6 3. Nc3 Bg7 4. e4 d6 5. f3 0-0 6. Be3 Nc6 7. Nge2 a6 8. g4 Rb8 9. Ng3 e5 10. d5 Nd4 11. h4 c5 12. h5 b5 13. cxb5 axb5 14. Be2 Qa5 15. Kf2 b4 16. Na4 Bd7 17. b3 Nxe2 18. Nxe2 Bxa4 19. bxa4 Ra8 20. Qd2 Rfe8 21. hxg6 fxg6 22. Ng1 Qxa4 23. Nh3 Rf8 24. Kg3 Qd7 25. Ng5 Ra3 26. Ne6 Rf7 27. Ng5 Re7 28. Ne6 Qb5 29. Rhd1 Rea7 30. Kh4 Qc4 31. Nxg7 Kxg7 32. g5 Nxe4 33. fxe4 Qxe4+ 34. Bf4 Rf3 35. Rf1 Raa3 36. Rxf3 Rxf3 0-1

[Event "Belgrade Spring op"]
[Site "Belgrade"]
[Date "2009.03.26"]
[Round "5"]
[White "Ostojic, Slobodan"]
[Black "Djurdjevic, Petar S"]
[Result "0-1"]
[WhiteElo "1928"]
[BlackElo "1993"]
[PlyCount "104"]
[EventDate "2009.03.21"]
[EventType "swiss"]
[EventRounds "9"]
[EventCountry "YUG"]
[SourceTitle "CBM 129 Extra"]
[Source "ChessBase"]
[SourceDate "2009.05.05"]
[SourceVersion "2"]
[SourceVersionDate "2009.05.20"]
[SourceQuality "1"]

1. c4 e5 2. Nc3 g6 3. g3 Bg7 4. Bg2 Ne7 5. Nf3 Nbc6 6. d3 d6 7. Bd2 0-0 8. Qc1 Nf5 9. g4 Nfd4 10. h3 Re8 11. Bg5 f6 12. Bh4 Nb4 13. 0-0 c5 14. Nxd4 exd4 15. Ne4 Nc6 16. Qd2 Ne5 17. f4 Nf7 18. b4 Qe7 19. Bf3 Rb8 20. Rab1 b6 21. bxc5 dxc5 22. Rb2 Bd7 23. Rfb1 Rbd8 24. Kg2 Qe6 25. Bf2 Bc6 26. Re1 f5 27. gxf5 Qxf5 28. Rh1 Ba8 29. Rbb1 Nd6 30. Ng5 Rf8 31. Bxa8 Rxa8 32. Bg3 Rae8 33. Rhf1 h6 34. Nf3 Qh5 35. Rf2 Nf5 36. Rh1 Ne3+ 37. Kg1 Nf5 38. Kg2 Re7 39. a4 Rfe8 40. Rg1 Kh7 41. Kh2 Bf6 42. Rgg2 Ne3 43. Rg1 Ng4+ 44. Kg2 Nxf2 45. Bxf2 g5 46. a5 Rxe2 47. Qd1 g4 48. Rh1 gxf3+ 49. Kf1 Bh4 50. Rh2 Bxf2 51. Rxf2 Rxf2+ 52. Kxf2 Re2+ 0-1

[Event "Belgrade Trophy 21st"]
[Site "Obrenovac"]
[Date "2008.12.03"]
[Round "7"]
[White "Ostojic, Slobodan"]
[Black "Mihajlovic, Miodrag"]
[Result "0-1"]
[WhiteElo "1921"]
[BlackElo "2201"]
[PlyCount "146"]
[EventDate "2008.11.27"]
[EventType "swiss"]
[EventRounds "9"]
[EventCountry "YUG"]
[SourceTitle "CBM 127 Extra"]
[Source "ChessBase"]
[SourceDate "2009.01.08"]
[SourceVersion "2"]
[SourceVersionDate "2009.01.28"]
[SourceQuality "1"]

1. g4 d5 2. Bg2 Bxg4 3. c4 c6 4. cxd5 Nf6 5. dxc6 Nxc6 6. Qa4 Qc7 7. Nc3 Bd7 8. Nf3 e5 9. d3 Nd4 10. Qd1 Bc6 11. e3 Ne6 12. Bd2 Rd8 13. Qc2 Qd6 14. e4 Nd4 15. Nxd4 Qxd4 16. Bf1 Ng4 17. Nd1 Bc5 18. Bc3 Qd6 19. h3 Nh6 20. Rg1 0-0 21. Qb3 Kh8 22. Ne3 Qf6 23. Rg3 Qf4 24. Bd2 f5 25. 0-0-0 Qxf2 26. Rg2 Qh4 27. Nc4 Be7 28. Nxe5 Rc8 29. Nxc6 Rxc6+ 30. Kb1 fxe4 31. Qxb7 Rb6 32. Qxe4 Qf6 33. Bg5 Qxf1 34. Rxf1 Rxf1+ 35. Kc2 Bxg5 36. Rxg5 Rf2+ 37. Kc3 Rfxb2 38. Qa8+ Ng8 39. Rc5 Rb8 40. Qxa7 Nf6 41. h4 h6 42. Rc8+ Rxc8+ 43. Kxb2 Rd8 44. d4 Nd5 45. Kb3 Ne3 46. Qb6 Rf8 47. Qd6 Rf3 48. Qc6 Rf8 49. Qd6 Rf3 50. Qc6 Rf8 51. Qc5 Rf3 52. Kb4 Rf5 53. Qc8+ Kh7 54. a4 Nd5+ 55. Kc5 Ne7+ 56. Qxf5+ Nxf5 57. d5 g5 58. hxg5 hxg5 59. a5 g4 60. a6 g3 61. a7 g2 62. a8Q g1Q+ 63. Kc6 Qg6+ 64. Kc5 Qd6+ 65. Kc4 Ne7 66. Qb7 Kg8 67. Qa8+ Kf7 68. Qb7 Qf4+ 69. Kc5 Qc1+ 70. Kd6 Qa3+ 71. Kd7 Qa4+ 72. Kd6 Qf4+ 73. Kc5 Qe3+ 0-1

[Event "Belgrade Trophy 21st"]
[Site "Obrenovac"]
[Date "2008.12.01"]
[Round "5"]
[White "Kuzmanovic, Slobodan"]
[Black "Ostojic, Slobodan"]
[Result "1-0"]
[WhiteElo "2148"]
[BlackElo "1921"]
[PlyCount "101"]
[EventDate "2008.11.27"]
[EventType "swiss"]
[EventRounds "9"]
[EventCountry "YUG"]
[SourceTitle "CBM 127 Extra"]
[Source "ChessBase"]
[SourceDate "2009.01.08"]
[SourceVersion "2"]
[SourceVersionDate "2009.01.28"]
[SourceQuality "1"]

1. e4 e6 2. d4 d5 3. Nc3 Bb4 4. e5 c5 5. a3 Bxc3+ 6. bxc3 Qc7 7. Nf3 Bd7 8. a4 f5 9. exf6 Nxf6 10. Bd3 c4 11. Be2 Nc6 12. 0-0 0-0 13. Re1 Ne4 14. Bxc4 Nxf2 15. Kxf2 dxc4 16. Kg1 Rf5 17. Ba3 Re8 18. Qe2 Na5 19. Ne5 b6 20. Bb4 Nb7 21. Nxd7 Qxd7 22. Qxc4 Nd6 23. Qd3 Rf6 24. c4 Nf5 25. Bc3 Ref8 26. d5 Rg6 27. dxe6 Qxd3 28. cxd3 Re8 29. a5 Rgxe6 30. Rxe6 Rxe6 31. axb6 axb6 32. Ra8+ Kf7 33. Ra7+ Kf8 34. Kf2 h5 35. Rd7 Ke8 36. Rd5 g6 37. Re5 Kd7 38. Rxe6 Kxe6 39. g3 g5 40. Kf3 Nd6 41. Bb4 Nf7 42. Ke4 Ne5 43. Bd2 g4 44. Be3 Nd7 45. Bd4 Nc5+ 46. Bxc5 bxc5 47. d4 cxd4 48. Kxd4 Kd6 49. Ke4 Kc5 50. Kf5 Kxc4 51. Kg5 1-0

[Event "SRB Central-ch"]
[Site "Vrnjacka Banja"]
[Date "2008.11.09"]
[Round "2"]
[White "Ostojic, Slobodan"]
[Black "Misojcic, Miroslav"]
[Result "0-1"]
[WhiteElo "1921"]
[BlackElo "2221"]
[PlyCount "96"]
[EventDate "2008.11.08"]
[EventType "swiss"]
[EventRounds "9"]
[EventCountry "YUG"]
[SourceTitle "EXT 2010"]
[Source "ChessBase"]
[SourceDate "2010.11.25"]
[SourceVersion "1"]
[SourceVersionDate "2010.11.25"]
[SourceQuality "1"]

1. c4 e6 2. Nc3 d5 3. cxd5 exd5 4. d4 c5 5. Nf3 Nc6 6. Bf4 Nf6 7. e3 a6 8. Be2 Be7 9. Rc1 c4 10. Ne5 0-0 11. 0-0 Be6 12. h3 h6 13. b3 Ba3 14. Rc2 Bf5 15. Rd2 Bb4 16. Qa1 Qa5 17. Rc1 Ne4 18. Nxe4 Bxd2 19. Nxd2 Qxd2 20. Bf3 Nxe5 21. Bxe5 cxb3 22. axb3 Be6 23. Rc5 Rac8 24. Bg3 Rfd8 25. Qa3 Qd3 26. Qb2 Rxc5 27. dxc5 Qb5 28. Be5 f6 29. Bd4 Rc8 30. Be2 Qb4 31. g4 a5 32. Bd3 a4 33. Bc2 a3 34. Qa2 Rxc5 35. Bxc5 Qxc5 36. Kf1 b5 37. Ke2 b4 38. Qb1 d4 39. exd4 Qxd4 40. Qa2 Qc3 41. Qb1 Qxh3 42. f3 Qh2+ 43. Ke3 Qe5+ 44. Kd2 Bd5 45. Be4 Qc3+ 46. Ke2 Bxb3 47. Bh7+ Kh8 48. Qe4 Qc4+ 0-1

[Event "Bar op-B"]
[Site "Bar"]
[Date "2008.03.30"]
[Round "2"]
[White "Jevtic, Sreten"]
[Black "Ostojic, Slobodan"]
[Result "1-0"]
[WhiteElo "2190"]
[BlackElo "2025"]
[PlyCount "73"]
[EventDate "2008.03.29"]
[EventType "swiss"]
[EventRounds "9"]
[EventCountry "YUG"]
[SourceTitle "CBM 123 Extra"]
[Source "ChessBase"]
[SourceDate "2008.05.06"]
[SourceVersion "1"]
[SourceVersionDate "2008.05.06"]
[SourceQuality "1"]

1. c4 Nf6 2. Nf3 g6 3. g3 Bg7 4. Bg2 0-0 5. 0-0 d6 6. Nc3 c6 7. Rb1 a5 8. a3 Na6 9. b4 axb4 10. axb4 Bd7 11. b5 Nc5 12. d3 Qc8 13. Re1 Bh3 14. Bh1 h6 15. Be3 Ne6 16. Na4 Nd7 17. Qc2 Qc7 18. Bd2 Rfb8 19. Bc3 Bxc3 20. Nxc3 Ra5 21. Qd2 Kg7 22. bxc6 bxc6 23. Rxb8 Nxb8 24. Qb2 f6 25. Rb1 Nd7 26. d4 Qa7 27. e3 Qa6 28. Nd2 Ng5 29. Bg2 Bxg2 30. Kxg2 Kf7 31. Qc2 Qa8 32. d5 c5 33. h4 Nh7 34. h5 Nhf8 35. hxg6+ Nxg6 36. Rh1 Kg7 37. Qf5 1-0

[Event "Belgrade Winter op"]
[Site "Belgrade"]
[Date "2008.01.26"]
[Round "5"]
[White "Ostojic, Slobodan"]
[Black "Janic, Dusan"]
[Result "1-0"]
[WhiteElo "2025"]
[BlackElo "1813"]
[PlyCount "121"]
[EventDate "2008.01.22"]
[EventType "swiss"]
[EventRounds "9"]
[EventCountry "YUG"]
[SourceTitle "CBM 122 Extra"]
[Source "ChessBase"]
[SourceDate "2008.03.04"]
[SourceVersion "1"]
[SourceVersionDate "2008.03.04"]
[SourceQuality "1"]

1. c4 Nf6 2. Nc3 e6 3. e4 Bb4 4. e5 Bxc3 5. bxc3 Ng8 6. d4 Ne7 7. Bd3 d6 8. f4 dxe5 9. fxe5 c5 10. Nf3 Nf5 11. Bxf5 exf5 12. 0-0 Qa5 13. Bd2 Na6 14. Qc2 g6 15. Bh6 Bd7 16. Bg7 Rg8 17. Bf6 h6 18. Rfe1 cxd4 19. cxd4 Rc8 20. Qe2 Rc6 21. Rab1 Rb6 22. Kh1 Nc7 23. d5 Qc5 24. e6 fxe6 25. Bd4 Qa5 26. Bxb6 axb6 27. dxe6 Bc6 28. Qb2 Ke7 29. Nd4 Be4 30. Qxb6 Qxb6 31. Rxb6 Ra8 32. Rb2 Nxe6 33. Nxe6 Kxe6 34. Kg1 Rc8 35. Rxb7 Rxc4 36. Rb2 Ra4 37. Re3 Ra6 38. Reb3 Kf7 39. Rb4 Ra3 40. R4b3 Ra6 41. a3 Ra4 42. Rc3 Kf6 43. Kf2 Ra6 44. g3 Kg5 45. h3 Kh5 46. Rb4 Kg5 47. Rc5 Kf6 48. a4 Rd6 49. Rb3 Rd2+ 50. Ke3 Rg2 51. Kd4 Rd2+ 52. Kc3 Rc2+ 53. Kb4 Rd2 54. Ka3 Rh2 55. h4 Rd2 56. Rb6+ Ke7 57. Rc7+ Kd8 58. Rh7 Rd3+ 59. Rb3 h5 60. Rxd3+ Bxd3 61. Kb4 1-0